LEADER 01267nam0-22004451i-450 001 990006208910403321 005 20180514142958.0 035 $a000620891 035 $aFED01000620891 035 $a(Aleph)000620891FED01 035 $a000620891 100 $a20000112d1978----km-y0itay50------ba 101 0 $aita 102 $aIT 105 $a--------001cy 200 1 $aUniversità e società negli Stati Uniti$fAlberto Martinelli 210 $aTorino$cEinaudi$d1978 215 $aXIV, 457 p.$d18 cm 225 1 $aPiccola biblioteca Einaudi$iScienze umane$v329 320 $aContiene bibl. (pp. 441-457) 610 0 $aUniversità$aStati Uniti$a1636-1976 676 $a378$v20$zita 676 $a378.973$v22$zita 700 1$aMartinelli,$bAlberto$f<1940- >$0304582 801 0$aIT$bUNINA$gRICA$2UNIMARC 901 $aBK 912 $a990006208910403321 952 $a13980 MAR$b9974/I$fSES 952 $a378.973 MAR 1$b697$fBFS 952 $aVI L 382$b2917$fDDA 952 $aVI I 338$b4598$fDDA 952 $aCOLLEZ. 239 (329)$b18872*$fFGBC 952 $aXV N 64$fDTE 959 $aFGBC 959 $aBFS 959 $aSES 959 $aDDA 959 $aDTE 996 $aUniversità e società negli Stati Uniti$9647915 997 $aUNINA LEADER 01306nam--2200397---450- 001 990003010350203316 005 20071112100700.0 010 $a978-3-7001-3729-0 035 $a000301035 035 $aUSA01000301035 035 $a(ALEPH)000301035USA01 035 $a000301035 100 $a20071112d2006----km-y0itay50------ba 101 $ager 102 $aAT 105 $aa---||||001yy 200 1 $aChronologia comparata$eVergleichende Chronologie von Sudgriechenland und Suditalien von ca. 1700/1600 bis 1000 v.u.Z.$fReinhard Jung 210 $aWien$cVerlag der Osterreichischen Akademie der Wissenschaften$d2006 215 $a260 p., 26 p. di tav.$cill.$d30 cm. 225 2 $aDenkschriften$v348 410 0$12001$aDenkschriften$v348 454 1$12001 461 1$1001-------$12001 606 0 $aGrecia antica$xStoria$z1700-1600 a.C.$xCronologia 606 0 $aMagna Grecia$xStoria$z1700-1600 a.C.$xCronologia 676 $a529.322 700 1$aJUNG,$bReinhard$0599218 801 0$aIT$bsalbc$gISBD 912 $a990003010350203316 951 $aIX.3. 553$b202435 L.M.$cIX.3.$d00162136 959 $aBK 969 $aUMA 979 $aRIVELLI$b90$c20071112$lUSA01$h1002 979 $aRIVELLI$b90$c20071112$lUSA01$h1007 996 $aChronologia comparata$91024537 997 $aUNISA